| 000 | 03206cam a22004215i 4500 | ||
|---|---|---|---|
| 001 | 17966622 | ||
| 003 | NUST | ||
| 005 | 20211029122016.0 | ||
| 008 | 131209t20152015ctua b 001 0 eng | ||
| 010 | _a 2013957152 | ||
| 020 | _a9781305076075 | ||
| 035 | _a(OCoLC)ocn881509017 | ||
| 038 | _aKhadija | ||
| 040 |
_aAU@ _beng _cAU@ _erda _dOCLCO _dBTCTA _dYDXCP _dCUV _dCIN _dOCLCF _dCLE _dSJY _dDLC |
||
| 042 | _alccopycat | ||
| 050 | 0 | 0 |
_aTJ930 _b.J36 2015 |
| 082 | 0 | 4 |
_a621.4025 _223 _bJAN |
| 100 | 1 |
_aJanna, William S., _eauthor. _925784 |
|
| 245 | 1 | 0 |
_aDesign of Fluid Thermal Systems / _cWilliam S. Janna, SI edition prepared by Raj P. Chhabra. |
| 250 | _aSI edition ; fourth edition. | ||
| 264 | 1 |
_aStamford, Connecticut : _bCengage Learning, _c[2015] |
|
| 264 | 4 | _c© 2015 | |
| 300 |
_axv, 640 pages : _billustrations ; _c23 cm. |
||
| 336 |
_atext _btxt _2rdacontent |
||
| 337 |
_aunmediated _bn _2rdamedia |
||
| 338 |
_avolume _bnc _2rdacarrier |
||
| 504 | _aIncludes bibliographical references and index. | ||
| 505 | 0 | _aThe design process -- The bid process -- Approaches to engineering design -- Design project example -- Project management -- Dimensions and units -- Fluid properties -- Measurement of viscosity -- Measurement of pressure -- Basic equations of fluid mechanics -- Pipe and tubing standards -- Equivalent diameter for noncircular ducts -- Equation of motion for flow in a duct -- Friction factor and pipe roughness -- Minor losses -- Series piping systems -- Flow through noncircular cross sections -- The optimization process -- Economic pipe diameter -- Equivalent length of fittings -- Graphical symbols for piping systems -- System behavior -- Support systems for pipes -- Flow in pipe networks -- Pipes in parallel -- Measurement of flow rate -- The unsteady draining tank problem -- Types of pumps -- Pump testing methods -- Cavitation and net positive suction head -- Dimensional analysis of pumps -- Specific speed and pump types -- Piping system design practices -- Fans and fan performance -- Conduction of heat through a plane wall -- Conduction of heat through a cylinder wall -- Convection--the general problem -- Convection heat transfer problems -- Optimum thickness of insulation -- The double pipe heat exchanger -- Analysis of double pipe heat exchangers -- Effectiveness-NTU analysis -- Design considerations -- Shell and tube heat exchangers -- Analysis of shell and tube exchangers -- Effectiveness-NTU analysis -- Increased heat recovery -- Design considerations -- Optimum outlet temperature analysis -- The plate and frame heat exchanger -- Analysis of plate and frame heat exchangers -- Cross flow heat exchangers. | |
| 563 | _aPB | ||
| 650 | 0 |
_aHeat exchangers _xDesign and construction. _919052 |
|
| 650 | 0 |
_aPiping _xDesign and construction. _919053 |
|
| 650 | 7 |
_aHeat exchangers _xDesign and construction. _2fast _0(OCoLC)fst00953878 _919052 |
|
| 650 | 7 |
_aPiping _xDesign and construction. _2fast _0(OCoLC)fst01064729 _919053 |
|
| 906 |
_a0 _bibc _ccopycat _d2 _encip _f20 _gy-gencatlg |
||
| 942 |
_2ddc _cBK |
||
| 999 |
_c527678 _d527678 |
||